Les séries les plus regardées en France en 2019 - Statistiques

Statistiques générales
  • Ce quiz a été pris 114 fois
  • Le résultat moyen est 3 sur 10
Statistiques - réponses
Réponse % Correct
1 La Casa de Papel
80%
5 Stranger Things
61%
7 Elite
43%
3 Sex Education
35%
10 13 Reasons Why
28%
6 You
23%
4 Umbrella Academy
16%
2 The Witcher
14%
8 Family Business
5%
9 Comment élever un super-héros
3%
Aucun quiz correspondant
Distribution des résultats
% des personnes avec chaque résultat
Percentile par nombre de réponses
Votre historique - résultats
Vous n’avez pas pris ce quiz